[Event "ROM-chT Blitz"]
[Site "Sebes"]
[Date "2022.12.04"]
[Round "3.29"]
[White "Butuza, Stefan Aurelian"]
[Black "Miron, Toma"]
[Result "0-1"]
[WhiteElo "1498"]
[BlackElo "2188"]
[PlyCount "67"]
[EventDate "2022.12.04"]
[EventType "team-swiss (blitz)"]
[EventRounds "8"]
[EventCountry "ROU"]
[SourceTitle "CBM 211 Extra"]
[Source "ChessBase"]
[SourceDate "2023.01.31"]
[SourceVersion "1"]
[SourceVersionDate "2023.01.31"]
[SourceQuality "1"]
[WhiteTeam "Targu Mures"]
[BlackTeam "Alba Iulia Unirea II"]
[WhiteTeamCountry "ROU"]
[BlackTeamCountry "ROU"]

1. e4 c5 2. c3 Nc6 3. d4 cxd4 4. cxd4 d5 5. exd5 Qxd5 6. Be3 e5 7. Nc3 Bb4 8. dxe5 Bxc3+ 9. bxc3 Qxe5 10. Rc1 Be6 11. Qc2 Nf6 12. Nf3 Qa5 13. Ra1 Rc8 14. Bd3 0-0 15. 0-0 g6 16. Nd4 Nd5 17. Nxe6 fxe6 18. Bxg6 Qxc3 19. Bxh7+ Kh8 20. Qxc3+ Nxc3 21. Bc2 e5 22. f4 exf4 23. Bxf4 Rxf4 24. Rxf4 Ne2+ 25. Kf2 Nxf4 26. Rb1 Nd4 27. Be4 b6 28. Rd1 Nde6 29. Rd7 Rc7 30. Rd6 Nc5 31. Bf3 Rf7 32. Rh6+ Kg7 33. Rh4 Nfd3+ 34. Kg1 0-1